000 00588nam a2200217Ia 4500
003 OSt
005 20230424114812.0
008 210423s2003 xx 000 0 und d
020 _a818128139
040 _cAL
041 _aeng
082 _a574.80285 KHAI
100 _aKHAN (Irfan A);KHANUM (Atiya),Ed.
_992030
245 _aRecent advances in bioinformatics.
260 _aHyderabad
_bUkaaz Publications
_c2003
300 _axvi,280
_bPB
365 _b950
_cINR
650 _aTissue & Molecular Botany
_992031
906 _aadvances ; bioinformatics ; Recent
942 _2ddc
_cBK
999 _c162557
_d162557